| 000 | 03875nem0a2200469 4500 | ||
|---|---|---|---|
| 001 | RU\NLR\BIBL_A\012012464 | ||
| 005 | 20260330193004.0 | ||
| 035 | _a(NLR Aleph) 012012464 | ||
| 090 |
_a11457980 _c11457980 |
||
| 100 | _a20190516d1771 m y0rusy50 ca | ||
| 101 | 0 | _afre | |
| 102 | _aRU | ||
| 120 | _abayy xx|| | ||
| 123 | 1 |
_aа _b4000000 |
|
| 135 | _acrmn mmmanaba | ||
| 200 | 1 |
_aThéâtre de la guerre entre les Russiens et les Turcs _bКарты _epartie seconde _fpubliée par C. M. Roth à St.Petersbourg. 1771 |
|
| 206 | _a[ок. 1:4 000 000, 92 версты в 1 дюйме (40 км в 1 см), граф. м-бы в вёрстах, во фр. лье, в нем. и польск. лье] | ||
| 210 |
_a[Санкт-Петербург _cГеографический департамент Императорской Академии наук _d1771] |
||
| 215 |
_a1 к _cграв., раскраш. (границы, береговая линия, рамка), указ. _d50х91 (53х95) см |
||
| 300 | _aВых. данные по месту службы Х. М. Рота. | ||
| 316 |
_aПриплетено к изд.: Атлас Российский ... трудами Императорския Академии наук в Санктпетербурге. 1745. - [Санкт-Петербург : Императорская Академия наук, после 1762]. - Ч. II, стр. 36 _5NLR |
||
| 325 | _aКопия доступна в Электрон. б-ке РНБ | ||
| 327 | 1 | _aДоп. карта: Plan exact de l'action du 24 Juin 1770 arrivée entre la flotte de sa majesté impériale de toutes le Russies sous les ordres de son excellence le comte d'Orlow et celle des Turcs. Pour la gloire de la nation russe.-1:210 000 | |
| 330 | _aПоказаны юг Европы, Средиземное и Эгейское моря, где разворачивались действия Русско-турецкой войны 1768–1774 гг. | ||
| 482 | 0 |
_1001RU\NLR\BIBL_A\011642028 _12001#$aАтлас Российский$bКарты$eсостоящий из девятнатцати специальных карт представляющих Всероссийскую империю с пограничными землями$fстаранием и трудами Императорския академии наук в Санктпетербурге 1745 года$eсочиненный по правилам географическим и новейшим обсервациям, с приложенною при том генеральною картою великия сея империи _1210##$a[Санкт-Петербург$cИмператорская Академия наук$dп. 1762] |
|
| 509 | 0 | 1 |
_aСредиземноморье _3RU\NLR\auth_crt\551722 |
| 606 | 1 |
_aРусско-турецкая война _z1735 - 1739 _jКарты _2nlr_sh1 _2nlr_sh2 _3RU\NLR\AUTH\66223254 |
|
| 606 | 1 |
_aРусско-турецкая война _z1768 - 1774 _jКарты _2nlr_sh1 _2nlr_sh2 _3RU\NLR\AUTH\66612652 |
|
| 608 |
_aКарты театров военных действий _2nlr_sh2 _3RU\NLR\AUTH\6601635210 |
||
| 702 | 1 |
_aРот _bХ. М. _f1720–1798 _gХристофор Мельхиор _4650 |
|
| 712 | 0 | 2 |
_aГеографический департамент Императорской Академии наук _cСанкт-Петербург _4650 |
| 852 |
_aNLR _bК _j1-Росс 8/39 а _m18542 |
||
| 856 | 0 | _uhttps://vivaldi.nlr.ru/ca000070013/view/?#page=78 | |
| 856 | 1 | _uhttps://vivaldi.nlr.ru/ca000070013/cover | |
| 856 | 2 | _uhttps://vivaldi.nlr.ru/ca000070013/text | |
| 942 | _cMAP | ||
| 980 | _aNB | ||
| 980 | _aCRT_CCRP18 | ||
| 981 | 1 | 9 | _a(19) Картографические материалы |